IBM PC: data file programming (Record no. 46083)

MARC details
000 -LEADER
fixed length control field 00622nam a2200169 a 4500
008 - FIXED-LENGTH DATA ELEMENTS--GENERAL INFORMATION
fixed length control field 120416s1983 ||||||||||||||||| || u
020 ## - INTERNATIONAL STANDARD BOOK NUMBER
International Standard Book Number 0471897175
050 ## - LIBRARY OF CONGRESS CALL NUMBER
Classification number QA 76.8.I2594 Bro
100 ## - MAIN ENTRY--PERSONAL NAME
Personal name Brown, Jerald R
245 10 - TITLE STATEMENT
Title IBM PC: data file programming
260 ## - PUBLICATION, DISTRIBUTION, ETC.
Place of publication, distribution, etc. New York:
Name of publisher, distributor, etc. John Wiley and Sons
Date of publication, distribution, etc. 1983
300 ## - PHYSICAL DESCRIPTION
Extent x, 367p.
350 ## - PRICE (NR) (BK AM CF MU VM SE) [OBSOLETE]
Price 0.00
650 ## - SUBJECT ADDED ENTRY--TOPICAL TERM
Topical term or geographic name entry element IBM PERSONAL COMPUTER -- PROGRAMMING
650 ## - SUBJECT ADDED ENTRY--TOPICAL TERM
Topical term or geographic name entry element FILE ORGANIZATION (COMPUTER SCIENCE)
995 ## - RECOMMENDATION 995 [LOCAL, UNIMARC FRANCE]
-- 0.00
-- CBU-MAIN LIBRARY (Kitwe)
-- 1
-- 14.95
-- 1
-- AVAILABLE
-- Main Library Open Access Collection
Holdings
Withdrawn status Lost status Source of classification or shelving scheme Damaged status Not for loan Home library Current library Shelving location Date acquired Total Checkouts Full call number Barcode Date last seen Price effective from Koha item type
          CBU-MAIN LIBRARY, KITWE. CBU-MAIN LIBRARY, KITWE.   11/30/2022   QA 76.8.I2594 Bro 026786 11/30/2022 11/30/2022 MONOGRAPH